[Event "World Blitz 2023"]
[Site "Samarkand UZB"]
[Date "2023.12.30"]
[Round "16.23"]
[White "Narayanan, S L"]
[Black "Tsydypov, Zhamsaran"]
[Result "1-0"]
[WhiteElo "2564"]
[BlackElo "2626"]
[EventDate "2023.12.29"]

1. d4 Nf6 2. c4 g6 3. Nc3 Bg7 4. e4 d6 5. h3 O-O 6. Be3 e5 7. d5 Na6 8. Be2
Nc5 9. Qc2 a5 10. Nf3 Ne8 11. g4 f5 12. gxf5 gxf5 13. Rg1 Kh8 14. O-O-O f4
15. Bxc5 dxc5 16. Rg2 Ra6 17. Rdg1 Qe7 18. Ng5 Bh6 19. Nf3 Raf6 20. Kb1 Nd6
21. a3 Bxh3 22. Rh2 Bd7 23. Rh5 Nf7 24. Nh2 Rg6 25. Rh1 Rg5 26. Rxg5 Qxg5
27. Qd1 Rg8 28. Bh5 Nd6 29. Be2 Rg6 30. Nf3 Qf6 31. Nh2 Rg2 32. Bg4 Nxc4
33. Bxd7 Rxf2 34. Ng4 Rxb2+ 35. Ka1 Qg5 36. Nxh6 Qg6 37. Rg1 Qxh6 38. Be6
1-0

[Event "World Blitz 2023"]
[Site "Samarkand UZB"]
[Date "2023.12.30"]
[Round "16.24"]
[White "Ponomariov, Ruslan"]
[Black "Guseinov, Gadir"]
[Result "1-0"]
[WhiteElo "2613"]
[BlackElo "2563"]
[EventDate "2023.12.29"]

1. d4 Nf6 2. c4 g6 3. Nc3 Bg7 4. e4 d6 5. Be2 O-O 6. Be3 e5 7. d5 Na6 8.
Nf3 Nc5 9. Nd2 a5 10. O-O Bd7 11. b3 Ne8 12. a3 f5 13. f3 Nf6 14. b4 Na6
15. Rb1 axb4 16. axb4 Nh5 17. c5 Nf4 18. Nc4 Qe7 19. c6 bxc6 20. dxc6 Be6
21. Nd5 Qf7 22. Bxf4 exf4 23. Qd2 g5 24. Rb3 Kh8 25. Ra3 Rfb8 26. Nxd6 cxd6
27. Bxa6 fxe4 28. fxe4 Ra7 29. b5 Rba8 30. Rc1 g4 31. Nxf4 Bc4 32. Nd5 Rf8
33. Ne3 Be6 34. b6 Raa8 35. c7 Bh6 36. b7 Rxa6 37. Rxa6 g3 38. hxg3 Qg7 39.
c8=Q Qxg3 40. Qxf8+ 1-0

[Event "World Blitz 2023"]
[Site "Samarkand UZB"]
[Date "2023.12.30"]
[Round "16.1"]
[White "Petrosian, Tigran L."]
[Black "Bocharov, Dmitry"]
[Result "1/2-1/2"]
[WhiteElo "2610"]
[BlackElo "2482"]
[EventDate "2023.12.29"]

1. Nf3 c5 2. g3 g6 3. c3 Bg7 4. d4 cxd4 5. cxd4 Nf6 6. Nc3 d5 7. Bg2 O-O 8.
Ne5 Bf5 9. O-O Ne4 10. Nxe4 Bxe4 11. Bh3 Nc6 12. Nxc6 bxc6 13. f3 Bf5 14.
Bxf5 gxf5 15. Be3 Rb8 16. Qd2 c5 17. dxc5 Rxb2 18. Qd3 d4 19. Bg5 Qd5 20.
Rac1 e6 21. c6 Rc8 22. c7 Be5 23. Bd8 Qxa2 24. Rfe1 Qb3 25. f4 Qxd3 26.
exd3 Bd6 27. Rc6 Bb4 28. Ra1 Kf8 29. Rxa7 Ke8 30. Rb6 Bc3 31. Rxb2 Bxb2 32.
Kg2 Bc3 33. Rb7 Kd7 34. Kh3 Ba5 35. Kh4 Bxc7 36. Bxc7 Rxc7 37. Rxc7+ Kxc7
38. Kg5 Kd6 39. Kf6 Kc5 40. Kxf7 Kb4 41. Kxe6 Kc3 42. g4 fxg4 43. f5
1/2-1/2

[Event "World Blitz 2023"]
[Site "Samarkand UZB"]
[Date "2023.12.30"]
[Round "16.2"]
[White "Makarian, Rudik"]
[Black "Predke, Alexandr"]
[Result "1/2-1/2"]
[WhiteElo "2540"]
[BlackElo "2594"]
[EventDate "2023.12.29"]

1. e4 c5 2. Nf3 Nc6 3. Bb5 e5 4. O-O Be7 5. d3 d6 6. Nc3 Nf6 7. h3 O-O 8.
a4 h6 9. Bc4 Be6 10. b3 Nh7 11. Nd5 Kh8 12. Ne3 Nd4 13. c3 Nxf3+ 14. Qxf3
Bg5 15. Qe2 Bf4 16. Bxe6 fxe6 17. g3 Qg5 18. h4 Qg6 19. Qg4 Qxg4 20. Nxg4
Bxc1 21. Raxc1 Nf6 22. Ne3 d5 23. f3 Rfd8 24. Rfd1 Rab8 25. c4 b6 26. Kf2
Rd7 27. g4 Rbd8 28. Ke2 d4 29. Nc2 a5 30. Rg1 Rf7 31. Rg3 Rdf8 32. Rcg1 g6
33. Na3 Ne8 34. Nb1 Nc7 35. Na3 Kg7 36. Nc2 Na6 37. Kf2 Rf4 38. Ke2 Nb8 39.
Rh1 Kf7 40. Ne1 Ke7 41. h5 g5 42. Nc2 Nc6 43. Rf1 Kd6 44. Rf2 Nb8 45. Rf1
Nd7 46. Rfg1 Nb8 1/2-1/2

[Event "World Blitz 2023"]
[Site "Samarkand UZB"]
[Date "2023.12.30"]
[Round "16.3"]
[White "Uskov, Artem"]
[Black "Fedoseev, Vladimir"]
[Result "1-0"]
[WhiteElo "2328"]
[BlackElo "2719"]
[EventDate "2023.12.29"]

1. Nf3 d5 2. e3 c5 3. b3 a6 4. Bb2 Nc6 5. d4 Nf6 6. Bd3 Bg4 7. h3 Bxf3 8.
Qxf3 cxd4 9. exd4 Nb4 10. O-O e6 11. c4 Be7 12. Rd1 Rc8 13. Nc3 Nxd3 14.
Qxd3 dxc4 15. bxc4 Qc7 16. Rac1 O-O 17. Na4 Rfd8 18. Qb3 Ne4 19. c5 Bg5 20.
Rc2 Qc6 21. Nb6 Rc7 22. Re2 Bf6 23. d5 exd5 24. Nxd5 Bxb2 25. Ne7+ Rxe7 26.
Rxd8+ Re8 27. Rxe8+ Qxe8 28. Qxb2 Qc6 29. Qe5 f5 30. Qxf5 Nf6 31. Qe6+ 1-0

[Event "World Blitz 2023"]
[Site "Samarkand UZB"]
[Date "2023.12.30"]
[Round "16.4"]
[White "Sychev, Klementy"]
[Black "Van Foreest, Jorden"]
[Result "0-1"]
[WhiteElo "2583"]
[BlackElo "2664"]
[EventDate "2023.12.29"]

1. e4 c6 2. c4 d5 3. cxd5 cxd5 4. exd5 Nf6 5. Qa4+ Nbd7 6. Nc3 g6 7. Bc4
Bg7 8. Nf3 O-O 9. d3 a6 10. Qa3 b6 11. O-O Bb7 12. Re1 Re8 13. Be3 Bf8 14.
Bb3 b5 15. Qb4 e6 16. Qf4 exd5 17. Bd4 Bg7 18. h3 Rc8 19. Rxe8+ Qxe8 20.
Re1 Qf8 21. g4 Qb4 22. g5 Nh5 23. Qg4 Qd6 24. Bxg7 Nxg7 25. Nd4 Rd8 26. Qg3
Qc5 27. Nce2 Nh5 28. Qh2 Qe7 29. h4 Re8 30. Qc7 Nc5 31. Qxe7 Rxe7 32. Rd1
Kg7 33. Bc2 b4 34. a3 a5 35. axb4 axb4 36. Rc1 Ba6 37. Rd1 b3 38. Bb1 h6
39. Kg2 hxg5 40. hxg5 Re5 41. f4 Re8 42. Kf3 Na4 43. Rd2 Nc5 44. Rd1 f6 45.
Rc1 Nxd3 46. Rc7+ Kf8 47. gxf6 Nxf6 48. Rc6 Ne4 49. Rxa6 Nd2+ 50. Kg4 Nxb1
51. Kg5 Nxb2 52. Kxg6 Nc4 53. Ra7 Re4 54. f5 Ne5+ 55. Kf6 Ng4+ 56. Kg5 Nd2
57. Rb7 Ne5 58. Nf4 Ke8 59. Nfe6 Ndc4 60. f6 Nf7+ 61. Kg6 Nce5+ 62. Kh5 Nd7
63. Ng7+ Kd8 64. Nde6+ Kc8 65. Rc7+ Kb8 66. Rc3 Rb4 67. Rc1 b2 68. Rb1
Nxf6+ 69. Kg6 Ne4 70. Kxf7 Nc3 71. Rxb2 Rxb2 72. Kf6 Re2 73. Nd4 Re4 74.
Ngf5 Kc7 75. Ne6+ Kc6 76. Nfd4+ Kb6 77. Kf5 Nb5 78. Nc2 Nd6+ 79. Kf6 Kb5
80. Nc7+ Kc5 81. Ne6+ Kb6 82. Ncd4 Nb5 83. Nc2 d4 84. Kf5 d3 0-1

[Event "World Blitz 2023"]
[Site "Samarkand UZB"]
[Date "2023.12.30"]
[Round "16.6"]
[White "Fressinet, Laurent"]
[Black "Christiansen, Johan-Sebastian"]
[Result "0-1"]
[WhiteElo "2636"]
[BlackElo "2541"]
[EventDate "2023.12.29"]

1. d4 Nf6 2. Nf3 c5 3. d5 b5 4. c3 g6 5. e4 Nxe4 6. Bxb5 Bg7 7. O-O O-O 8.
Re1 Nf6 9. d6 e6 10. Nbd2 Qb6 11. Bd3 Qxd6 12. Ne4 Nxe4 13. Rxe4 Bb7 14.
Re1 Qc7 15. Qe2 Nc6 16. h4 d5 17. h5 e5 18. Ng5 e4 19. Bc2 h6 20. Nh3 g5
21. f4 g4 22. Qxg4 f5 23. Qg3 d4 24. Bb3+ Kh8 25. cxd4 cxd4 26. Nf2 a5 27.
a3 Ba6 28. Nxe4 fxe4 29. Rxe4 Rae8 30. Rxe8 Rxe8 31. Bd2 Qb6 32. Kh1 d3 33.
Qg6 Rb8 34. Re1 Qxb3 35. Re8+ Rxe8 36. Qxe8+ Qg8 37. Qxc6 Bc4 38. Bxa5 Qe6
39. Qf3 Bxb2 40. f5 Qf7 41. Bd2 Bg7 42. a4 Qd5 43. f6 Bf8 44. Qg4 Qe6 45.
Qd4 Kg8 46. a5 Kf7 47. Bc3 Qd5 48. Qa7+ Ke6 49. Qb6+ Bd6 50. Qe3+ Kf7 51.
Qxh6 Qf5 52. Qg7+ Ke8 53. Qh8+ Kd7 54. Qg7+ Kc6 55. Kg1 Qc5+ 56. Kh1 Qxh5+
57. Kg1 Bc5+ 58. Kf1 Qh1# 0-1

[Event "World Blitz 2023"]
[Site "Samarkand UZB"]
[Date "2023.12.30"]
[Round "16.7"]
[White "Daneshvar, Bardiya"]
[Black "Esipenko, Andrey"]
[Result "1-0"]
[WhiteElo "2483"]
[BlackElo "2615"]
[EventDate "2023.12.29"]

1. c4 e6 2. Nc3 d5 3. d4 Be7 4. Bf4 Nf6 5. e3 O-O 6. a3 b6 7. cxd5 Nxd5 8.
Nxd5 exd5 9. Nf3 c5 10. dxc5 bxc5 11. Be2 Be6 12. O-O Nd7 13. Qc2 h6 14.
Rfd1 Qb6 15. h3 Rac8 16. Ne5 Nf6 17. Bf3 Rfd8 18. Rac1 a5 19. Bh2 Bd6 20.
Nd3 Bf5 21. Bxd6 Rxd6 22. Qe2 Rdd8 23. Nf4 d4 24. exd4 cxd4 25. Rxc8 Rxc8
26. Qe5 Bc2 27. Qxd4 Qb8 28. Rd2 Bb3 29. g3 Qb5 30. Kg2 Kh8 31. Re2 a4 32.
Re5 Qa6 33. Rc5 Re8 34. Rc6 Qb5 35. Rc5 Qa6 36. Qc3 Ne4 37. Bxe4 Rxe4 38.
Rc6 Qb7 39. Rxh6+ Kg8 40. Qc6 Re7 41. Qxb7 Rxb7 42. Rd6 Bc2 43. Rd2 Rxb2
44. f3 Ra2 45. Nd5 Bb3 46. Rxa2 Bxa2 47. Nc3 Bb3 48. Kf2 g5 49. Ke3 Kg7 50.
Kd4 Kg6 51. g4 f5 52. Ke5 fxg4 53. hxg4 Bc2 54. Nb5 Bd1 55. Nd4 Bb3 56. Ke4
Bf7 1-0

[Event "World Blitz 2023"]
[Site "Samarkand UZB"]
[Date "2023.12.30"]
[Round "16.8"]
[White "Niemann, Hans Moke"]
[Black "Vasquez Schroeder, Rodrigo"]
[Result "1-0"]
[WhiteElo "2614"]
[BlackElo "2582"]
[EventDate "2023.12.29"]

1. e4 c5 2. Nf3 d6 3. Bb5+ Nc6 4. O-O Bd7 5. Re1 Nf6 6. Bf1 Bg4 7. h3 Bxf3
8. Qxf3 g6 9. a4 Bh6 10. Qd1 O-O 11. c3 e6 12. Na3 a6 13. g3 d5 14. exd5
exd5 15. Bg2 Re8 16. Rxe8+ Qxe8 17. d3 Bxc1 18. Rxc1 Qe7 19. Nc2 Re8 20.
Ne3 d4 21. Bxc6 bxc6 22. cxd4 cxd4 23. Nc4 Nd5 24. Qd2 Nb4 25. Na5 c5 26.
Nb3 Qe2 27. Qxe2 Rxe2 28. Nxc5 Rxb2 29. Rc4 Nc2 30. Nxa6 Rb1+ 31. Kh2 Ne1
32. g4 Nxd3 33. Rxd4 Nxf2 34. Nc7 Ra1 35. Kg2 Nd1 36. a5 Ne3+ 37. Kf3 Ra3
38. Ke2 Nc2 39. Rc4 Ne3 40. Rc5 Ng2 41. a6 Nf4+ 42. Kd2 Ne6 43. Nxe6 fxe6
44. Rc8+ Kf7 45. Rc7+ Kf6 46. a7 h5 47. gxh5 gxh5 48. Kc2 Kg5 49. Kb2 Ra6
50. Kb3 Kh4 51. Rc4+ Kxh3 52. Ra4 Rxa7 53. Rxa7 h4 54. Rg7 Kh2 55. Kc2 h3
56. Kd2 Kh1 57. Ke2 h2 58. Kf2 e5 59. Ra7 1-0

[Event "World Blitz 2023"]
[Site "Samarkand UZB"]
[Date "2023.12.30"]
[Round "16.9"]
[White "Jobava, Baadur"]
[Black "Moiseenko, Alexander"]
[Result "1-0"]
[WhiteElo "2599"]
[BlackElo "2556"]
[EventDate "2023.12.29"]

1. d4 Nf6 2. Bg5 e6 3. e4 h6 4. Bxf6 Qxf6 5. c3 d5 6. Nd2 c5 7. Ngf3 Nc6 8.
Bb5 cxd4 9. Nxd4 Bd7 10. exd5 exd5 11. O-O Be7 12. Re1 O-O 13. N2b3 Bd6 14.
Bf1 Rfe8 15. Rxe8+ Rxe8 16. Nb5 a6 17. Nxd6 Qxd6 18. Qd2 Be6 19. Re1 d4 20.
Bc4 Rd8 21. Bxe6 fxe6 22. h3 e5 23. Qd3 Qd5 24. c4 Qf7 25. Nc5 Rf8 26. Ne4
Ne7 27. b3 Ng6 28. g3 Ne7 29. Kg2 Nc6 30. Re2 Qe7 31. c5 Qf7 32. a3 Kh8 33.
b4 Qd5 34. h4 Ne7 35. Kg1 Nf5 36. Nd2 Ne7 37. Qe4 Qxe4 38. Rxe4 Nc6 39. Kf1
Kh7 40. Ke2 Kg6 41. Nc4 Kf6 42. Nd6 Rb8 43. Nc4 g5 44. h5 Ke6 45. f4 gxf4
46. gxf4 Kf5 47. Nd6+ Kf6 48. fxe5+ Nxe5 49. Rxd4 b6 50. cxb6 Rxb6 51. Nc4
Nxc4 52. Rxc4 Rb5 53. Rc6+ Kg5 54. Rc5+ Kg4 55. Rxb5 axb5 56. Kd3 Kxh5 57.
a4 1-0

[Event "World Blitz 2023"]
[Site "Samarkand UZB"]
[Date "2023.12.30"]
[Round "16.10"]
[White "Vokhidov, Shamsiddin"]
[Black "Petrosyan, Manuel"]
[Result "1/2-1/2"]
[WhiteElo "2588"]
[BlackElo "2556"]
[EventDate "2023.12.29"]

1. e4 e5 2. Nf3 Nc6 3. Bb5 a6 4. Ba4 Nf6 5. O-O Be7 6. Re1 b5 7. Bb3 O-O 8.
a4 b4 9. a5 d6 10. c3 Rb8 11. Bc4 Bg4 12. h3 Bh5 13. Qe2 Qc8 14. d3 bxc3
15. bxc3 Nxa5 16. Rxa5 Rxb1 17. Rxa6 Qb7 18. g4 Bg6 19. Qa2 Rb6 20. Ra7 Qc8
21. Be3 Qb7 22. Rxb7 Rxb7 1/2-1/2

[Event "World Blitz 2023"]
[Site "Samarkand UZB"]
[Date "2023.12.30"]
[Round "16.11"]
[White "Petrov, Nikita"]
[Black "Matlakov, Maxim"]
[Result "0-1"]
[WhiteElo "2521"]
[BlackElo "2638"]
[EventDate "2023.12.29"]

1. d4 Nf6 2. Bg5 d5 3. Nd2 c5 4. dxc5 e6 5. e4 Bxc5 6. e5 Qb6 7. exf6 Bxf2+
8. Ke2 e5 9. fxg7 Rg8 10. Ndf3 Rxg7 11. Qd2 Nc6 12. Be3 Bxe3 13. Qxe3 Qxb2
14. Rd1 Be6 15. Qb3 Qxb3 16. axb3 e4 17. Kf2 exf3 18. Nxf3 O-O-O 19. Bb5
Kc7 20. Rhe1 Bf5 21. Bxc6 bxc6 22. Nd4 Be4 23. g3 Rg6 24. c4 h5 25. Ra1
Rf6+ 26. Kg1 Kb7 27. Ra4 c5 28. Nb5 a6 29. Nc3 Re6 30. Rea1 Bf3 31. Rf1 Re3
32. Nxd5 Bxd5 33. cxd5 Rd7 34. Raf4 Rxb3 35. Rxf7 Rxf7 36. Rxf7+ Kb6 37. d6
Rd3 38. d7 a5 39. Kf2 a4 40. Ke2 c4 41. Rf6+ Kb5 42. Rf5+ Kb4 43. Rf7 a3
44. Rf4 Rxd7 0-1

[Event "World Blitz 2023"]
[Site "Samarkand UZB"]
[Date "2023.12.30"]
[Round "16.12"]
[White "Grigoriants, Sergey"]
[Black "Smirnov, Anton"]
[Result "1-0"]
[WhiteElo "2532"]
[BlackElo "2647"]
[EventDate "2023.12.29"]

1. d4 d5 2. c4 c6 3. Nc3 dxc4 4. e3 b5 5. a4 b4 6. Ne4 Qd5 7. Ng3 Nf6 8.
Nf3 Ba6 9. Be2 Nbd7 10. O-O e6 11. b3 h5 12. h4 Qa5 13. bxc4 Bd6 14. Ng5 c5
15. Bb2 Qc7 16. N3e4 Nxe4 17. Nxe4 Be7 18. d5 exd5 19. cxd5 Bxe2 20. Qxe2
c4 21. d6 Qc6 22. Qf3 O-O-O 23. dxe7 Rde8 24. Rac1 Rxe7 25. Rxc4 1-0

[Event "World Blitz 2023"]
[Site "Samarkand UZB"]
[Date "2023.12.30"]
[Round "16.13"]
[White "Sanal, Vahap"]
[Black "Vrolijk, Liam"]
[Result "1-0"]
[WhiteElo "2637"]
[BlackElo "2487"]
[EventDate "2023.12.29"]

1. e4 e5 2. Nf3 Nc6 3. Bb5 a6 4. Ba4 Nf6 5. O-O b5 6. Bb3 Bc5 7. Nc3 O-O 8.
d3 h6 9. a4 Rb8 10. axb5 axb5 11. Nd5 d6 12. c3 Nxd5 13. exd5 Ne7 14. d4
exd4 15. Nxd4 Bd7 16. Qd3 Ng6 17. Ne6 fxe6 18. dxe6 Ne7 19. exd7+ Kh8 20.
Bc2 g6 21. Bxh6 Rf5 22. g4 Rf7 23. b4 Bb6 24. Bb3 Rh7 25. Bg5 Qxd7 26. Bf6+
1-0

[Event "World Blitz 2023"]
[Site "Samarkand UZB"]
[Date "2023.12.30"]
[Round "16.14"]
[White "Sargsyan, Shant"]
[Black "Madaminov, Mukhiddin"]
[Result "1-0"]
[WhiteElo "2633"]
[BlackElo "2460"]
[EventDate "2023.12.29"]

1. d4 Nf6 2. Bg5 d5 3. e3 c5 4. c3 Qb6 5. Qb3 Nc6 6. Nd2 e6 7. Ngf3 Be7 8.
Be2 h6 9. Bh4 O-O 10. O-O Qd8 11. Rad1 b6 12. Rfe1 Bb7 13. dxc5 Bxc5 14. e4
Be7 15. Bxf6 Bxf6 16. exd5 Na5 17. Qc2 Bxd5 18. Ne4 Qe7 19. Nxf6+ Qxf6 20.
Nd4 Rfd8 21. h3 Rac8 22. Bf3 Bxf3 23. Nxf3 Nc4 24. b3 Rxd1 25. Rxd1 Ne5 26.
Nxe5 Qxe5 27. c4 b5 28. c5 b4 29. Rc1 g6 30. c6 Qf4 31. c7 Qd6 32. Qc4 Kf8
33. Qb5 Ke7 34. Qa5 Qb6 35. Qe5 Qd6 36. Qa5 a6 37. Rc4 Kd7 38. Qa4+ Ke7 39.
Qa5 Kd7 40. Qa4+ Ke7 41. Rc6 Qd4 42. Qxa6 Kd7 43. Qb5 Qa1+ 44. Rc1+ 1-0

[Event "World Blitz 2023"]
[Site "Samarkand UZB"]
[Date "2023.12.30"]
[Round "16.15"]
[White "Ivic, Velimir"]
[Black "Quparadze, Giga"]
[Result "1-0"]
[WhiteElo "2542"]
[BlackElo "2617"]
[EventDate "2023.12.29"]

1. e4 c5 2. Nf3 e6 3. d4 cxd4 4. Nxd4 Nc6 5. Nc3 Qc7 6. Be3 a6 7. Qf3 b5 8.
Nxc6 dxc6 9. a4 b4 10. Nb1 e5 11. Nd2 Nf6 12. Bc4 Be7 13. O-O O-O 14. a5 c5
15. h3 h6 16. Qe2 Bb7 17. Bd3 Rad8 18. b3 Qc6 19. Rfe1 Bd6 20. Qf3 Bc7 21.
Nc4 Rfe8 22. Bc1 Qe6 23. Bb2 Rd7 24. Qf5 Qxf5 25. exf5 e4 26. Bxf6 gxf6 27.
f3 Bg3 28. Re2 Rde7 29. fxe4 Bxe4 30. Re3 Bf4 31. Rxe4 Rxe4 32. Bxe4 Rxe4
33. Kf2 Rd4 34. Re1 Kf8 35. Kf3 Bc7 36. Re4 Rd5 37. g4 Rd1 38. Re2 Rh1 39.
Ke4 Rxh3 40. Kd5 h5 41. Kc6 Bd8 42. gxh5 Rxh5 43. Kd7 Bxa5 44. Nxa5 Rxf5
45. Nc4 Rh5 46. Nd6 a5 47. Nc4 f5 48. Rf2 Kg7 49. Ke7 Kg6 50. Nd6 Rh4 51.
Rxf5 c4 52. Rf6+ Kg5 53. Nxf7+ Kg4 54. Ne5+ Kg3 55. Nxc4 a4 56. Kd6 a3 57.
Rf1 Rh2 58. Kc5 Rxc2 59. Kxb4 a2 60. Ka3 Re2 61. Ra1 Kf3 62. Rxa2 Re8 63.
Rd2 Rb8 64. b4 Ke4 65. Kb3 Kf5 66. Re2 Kf6 67. Kc3 Rb7 68. Na5 Rc7+ 69. Kd4
Rc8 70. b5 Rd8+ 71. Kc5 1-0

[Event "World Blitz 2023"]
[Site "Samarkand UZB"]
[Date "2023.12.30"]
[Round "16.16"]
[White "Anton Guijarro, David"]
[Black "Grebnev, Aleksey"]
[Result "1/2-1/2"]
[WhiteElo "2616"]
[BlackElo "2404"]
[EventDate "2023.12.29"]

1. e4 c5 2. Nf3 Nc6 3. Bb5 e5 4. O-O Bd6 5. c3 a6 6. Ba4 b5 7. Bb3 c4 8.
Bc2 Nf6 9. a4 Rb8 10. d3 cxd3 11. Bxd3 Bc7 12. Bg5 h6 13. Bxf6 Qxf6 14. Na3
b4 15. Nc4 bxc3 16. bxc3 O-O 17. Qe2 Ne7 18. Ne3 Bb7 19. Nd2 d5 20. exd5
Nxd5 21. Nxd5 Bxd5 22. Be4 Bxe4 23. Qxe4 Ba5 24. Rac1 Rbc8 25. Nc4 Rc5 26.
Nxa5 Rxa5 27. Rfd1 Rc8 28. g3 Rac5 29. c4 Qc6 30. Qxc6 R5xc6 31. Rd5 Rxc4
1/2-1/2

[Event "World Blitz 2023"]
[Site "Samarkand UZB"]
[Date "2023.12.30"]
[Round "16.17"]
[White "Kuzubov, Yuriy"]
[Black "Dreev, Aleksey"]
[Result "1/2-1/2"]
[WhiteElo "2487"]
[BlackElo "2599"]
[EventDate "2023.12.29"]

1. c4 e6 2. d4 d5 3. Nf3 Nf6 4. Nc3 Nbd7 5. cxd5 exd5 6. Bg5 c6 7. e3 h6 8.
Bf4 Nb6 9. Qc2 Bd6 10. Bd3 O-O 11. O-O Re8 12. Rab1 Bxf4 13. exf4 Nc4 14.
Ne5 Nd6 15. Rfe1 Nfe4 16. f3 Nxc3 17. bxc3 Qf6 18. g3 Re7 19. Ng4 Bxg4 20.
fxg4 Rxe1+ 21. Rxe1 Re8 22. Re5 Qd8 23. Qa4 f6 24. Rxe8+ Qxe8 25. Kf2 a6
26. Qb4 Ne4+ 27. Bxe4 Qxe4 28. Qxb7 Qc2+ 29. Kg1 Qxc3 30. Qc8+ Kf7 31. Qd7+
Kf8 32. Qd8+ 1/2-1/2

[Event "World Blitz 2023"]
[Site "Samarkand UZB"]
[Date "2023.12.30"]
[Round "16.18"]
[White "Yakubboev, Nodirbek"]
[Black "Gurel, Ediz"]
[Result "1/2-1/2"]
[WhiteElo "2582"]
[BlackElo "2359"]
[EventDate "2023.12.29"]

1. c4 e5 2. Nc3 Nf6 3. Nf3 Nc6 4. e3 Bb4 5. Qc2 Bxc3 6. bxc3 O-O 7. e4 d6
8. g3 Be6 9. d3 h6 10. Nh4 Qd7 11. h3 Rfe8 12. Be3 a6 13. a4 b5 14. axb5
axb5 15. Rxa8 Rxa8 16. cxb5 Ra1+ 17. Bc1 Na5 1/2-1/2

[Event "World Blitz 2023"]
[Site "Samarkand UZB"]
[Date "2023.12.30"]
[Round "16.19"]
[White "Kovalev, Vladislav"]
[Black "Terry, Renato"]
[Result "1-0"]
[WhiteElo "2539"]
[BlackElo "2578"]
[EventDate "2023.12.29"]

1. e4 c6 2. Nf3 d5 3. d3 g6 4. Nbd2 Bg7 5. g3 e5 6. Bg2 d4 7. Nc4 Be6 8.
O-O Qc7 9. Ng5 Bxc4 10. dxc4 h6 11. Nf3 Nd7 12. Ne1 Nc5 13. b3 Nf6 14. Qe2
O-O 15. Ba3 Nfd7 16. Nd3 b6 17. f4 exf4 18. gxf4 Rfe8 19. Bxc5 Nxc5 20.
Nxc5 bxc5 21. Qd3 g5 22. fxg5 hxg5 23. Rf5 Re5 24. Raf1 Rae8 25. Qg3 Qe7
26. Kh1 a5 27. a4 f6 28. h4 gxh4 29. Qxh4 Rxf5 30. exf5 Qe2 31. Rg1 Kf8 32.
Bxc6 Re7 33. Bd5 Qd2 34. Qh8+ 1-0

[Event "World Blitz 2023"]
[Site "Samarkand UZB"]
[Date "2023.12.30"]
[Round "16.20"]
[White "Rakhmanov, Aleksandr"]
[Black "Vakhidov, Jakhongir"]
[Result "1/2-1/2"]
[WhiteElo "2521"]
[BlackElo "2574"]
[EventDate "2023.12.29"]

1. d4 Nf6 2. Nf3 g6 3. g3 Bg7 4. Bg2 O-O 5. O-O d6 6. Re1 d5 7. c4 c6 8.
Qa4 Nfd7 9. Qc2 Nb6 10. c5 N6d7 11. Bf4 Re8 12. Nc3 e5 13. Nxe5 Nxe5 14.
Bxe5 Bxe5 15. dxe5 Rxe5 16. e4 dxe4 17. Nxe4 Bf5 18. Qc3 Nd7 19. Nd6 Rxc5
20. Nxb7 Rxc3 21. Nxd8 Rc2 22. Nxc6 Rf8 23. b4 a6 24. a4 Rb2 25. Bf1 Ra8
26. Rad1 Nf6 27. Rd4 Bd7 28. Bg2 Bxc6 29. Bxc6 Rb8 30. b5 axb5 31. axb5 h5
32. h3 Nh7 33. Re7 Ng5 34. Kg2 Rf8 35. h4 Nh7 36. Rd6 Kg7 37. Re3 Nf6 38.
Rdd3 Ng4 39. Rf3 Ne5 40. Rb3 Rd2 41. Rfc3 Ng4 42. Rf3 Ne5 43. Rf4 Nd3 44.
Rxd3 Rxd3 45. Rb4 Rb8 46. Rb2 Rc3 47. Rd2 Rc5 48. Rd4 Rb6 49. Rd2 Rb8 50.
Kf3 Kf6 51. Ke4 Re5+ 52. Kf3 Ke6 53. Ra2 Rc5 54. Re2+ Re5 55. Ra2 Rc5 56.
Ke4 Rd8 57. Kf3 Rd3+ 58. Kg2 Rb3 59. Re2+ Kf6 60. Rd2 Kg7 61. Re2 Rbc3 62.
Rb2 Rc2 63. Rb3 R5c3 64. Rb4 Rc4 65. Rb3 R2c3 66. Rb2 Rxc6 67. bxc6 1/2-1/2

[Event "World Blitz 2023"]
[Site "Samarkand UZB"]
[Date "2023.12.30"]
[Round "16.21"]
[White "Iljiushenok, Ilia"]
[Black "Hovhannisyan, Robert"]
[Result "1/2-1/2"]
[WhiteElo "2479"]
[BlackElo "2570"]
[EventDate "2023.12.29"]

1. e4 e5 2. Nf3 Nc6 3. Nc3 Nf6 4. Bb5 Bb4 5. O-O O-O 6. d3 Bxc3 7. bxc3 d6
8. Re1 Ne7 9. d4 Ng6 10. dxe5 dxe5 11. Ba3 Be6 12. Bxf8 Qxf8 13. Ng5 Bg4
14. Be2 Rd8 15. Qc1 Bc8 16. Bc4 Nh8 17. Qe3 h6 18. Nf3 Ng6 19. Qxa7 Bg4 20.
Qe3 Qe7 21. h3 Bxf3 22. Qxf3 Nf4 23. Rad1 Ra8 24. Qe3 b6 25. Bb3 Nd7 26.
Kh2 Nc5 27. g3 Nfe6 28. h4 Kh7 29. Rd5 Nf8 30. Red1 Nfd7 31. Qf3 g6 32. h5
Nf6 33. R5d2 Nxh5 34. Qxf7+ Qxf7 35. Bxf7 Rf8 36. Bd5 Nf6 37. Kg2 h5 38. f3
g5 39. Bc4 Kg6 40. Rd8 Rxd8 41. Rxd8 g4 42. Rc8 gxf3+ 43. Kxf3 Nfxe4 44.
Bd3 Nxd3 45. cxd3 Nxc3 46. Rxc7 Nxa2 47. Rc6+ Kf5 48. Rxb6 Nc3 49. Rh6 Kg5
50. Rc6 Nb5 51. Rc5 Nd4+ 52. Ke4 Kg4 53. Rxe5 Ne2 54. Re8 Nxg3+ 55. Ke5 h4
56. Rg8+ Kf3 57. d4 Nf1 58. Rh8 Kg3 59. Rg8+ Kf3 60. Rf8+ Kg2 61. Rg8+ Kf3
62. Rh8 Kg3 63. Ke4 Nd2+ 64. Kd3 Nf3 65. d5 h3 66. d6 Ne5+ 67. Kd4 Nd7 68.
Rg8+ Kf3 69. Rh8 Kg2 70. Kd5 h2 71. Rxh2+ Kxh2 1/2-1/2

[Event "World Blitz 2023"]
[Site "Samarkand UZB"]
[Date "2023.12.30"]
[Round "16.22"]
[White "Ter-Sahakyan, Samvel"]
[Black "Bharath, Subramaniyam H"]
[Result "0-1"]
[WhiteElo "2556"]
[BlackElo "2435"]
[EventDate "2023.12.29"]

1. d4 Nf6 2. c4 b6 3. Nc3 Bb7 4. Qc2 d5 5. cxd5 Nxd5 6. e4 Nxc3 7. bxc3 e6
8. Nf3 Be7 9. Bb5+ c6 10. Bd3 c5 11. O-O O-O 12. Qe2 cxd4 13. cxd4 Nc6 14.
Bb2 Nb4 15. Bc4 Rc8 16. a3 Nc6 17. Rad1 Na5 18. Bd3 Qc7 19. d5 Qd6 20. Be5
Qxa3 21. d6 Bxd6 22. Bb2 Qb4 23. Bb1 Be7 24. Ne5 Rcd8 25. Nd7 Rfe8 26. Rd4
Ba6 27. Qc2 Qb3 28. Rfd1 Qxc2 29. Bxc2 Bb5 30. g3 Nc6 31. R4d2 Bb4 32. Bd3
Rxd7 0-1

[Event "World Blitz 2023"]
[Site "Samarkand UZB"]
[Date "2023.12.30"]
[Round "16.23"]
[White "Pranesh, M"]
[Black "Najer, Evgeniy"]
[Result "1-0"]
[WhiteElo "2481"]
[BlackElo "2545"]
[EventDate "2023.12.29"]

1. e4 e6 2. d4 d5 3. Nd2 c5 4. Ngf3 cxd4 5. exd5 Qxd5 6. Bc4 Qd7 7. O-O Nc6
8. Nb3 Nf6 9. Nbxd4 Nxd4 10. Nxd4 a6 11. c3 b5 12. Be2 Bb7 13. Bf3 Be7 14.
Re1 Bxf3 15. Qxf3 O-O 16. Bg5 h6 17. Bh4 Nd5 18. Bxe7 Nxe7 19. Rad1 Qd5 20.
a3 Qxf3 21. Nxf3 Rfd8 22. g3 Nc6 23. Kf1 Kf8 24. Ke2 Ke7 25. h4 h5 26. Ng5
Na5 27. Ne4 Nc4 28. b3 Nb6 29. Rxd8 Rxd8 30. Nc5 Rc8 31. b4 a5 32. bxa5 Nd5
33. Nb3 Rxc3 34. Rb1 Rc4 35. Nd2 Nc3+ 36. Ke1 Ra4 37. Rb3 b4 38. Rxb4 Rxa3
39. Nc4 Ra2 40. Rb7+ Kf8 41. f3 f6 42. Rb6 e5 43. a6 Ke7 44. Rb7+ Ke6 45.
a7 Nd5 1-0